LEADER 00900nam0 2200265 450 001 000014346 005 20090323172812.0 100 $a20080715d1977----km-y0itay50------ba 101 1 $aita$ceng 102 $aIT 105 $ay-------001yy 200 1 $a<>dinamica del capitalismo$fFernand Braudel 210 $aBologna$cIl Mulino$dc1977 215 $a124 p.$d19 cm 225 2 $aUniversale paperbacks Il mulino 410 0$12001$aUniversale paperbacks Il mulino 500 10$aAfterthoughts on material civilization and capitalism$m$913187 610 1 $aCapitalismo 676 $a330.122$v19$9Sistemi economici. Libera iniziativa 700 1$aBraudel,$bFernand$024270 801 0$aIT$bUNIPARTHENOPE$c20080715$gRICA$2UNIMARC 912 $a000014346 951 $a051/65$bCNR-58$cNAVA2 996 $aAfterthoughts on material civilization and capitalism$913187 997 $aUNIPARTHENOPE LEADER 04439nam 2201117Ia 450 001 9910779362503321 005 20230803020056.0 010 $a1-283-86035-X 010 $a0-520-95448-3 024 7 $a10.1525/9780520954489 035 $a(CKB)2550000000707380 035 $a(EBL)1092956 035 $a(OCoLC)821216799 035 $a(SSID)ssj0000783422 035 $a(PQKBManifestationID)11507867 035 $a(PQKBTitleCode)TC0000783422 035 $a(PQKBWorkID)10753500 035 $a(PQKB)10404361 035 $a(MiAaPQ)EBC1092956 035 $a(OCoLC)827955309 035 $a(MdBmJHUP)muse30266 035 $a(DE-B1597)519916 035 $a(OCoLC)908941256 035 $a(DE-B1597)9780520954489 035 $a(Au-PeEL)EBL1092956 035 $a(CaPaEBR)ebr10631873 035 $a(CaONFJC)MIL417285 035 $a(OCoLC)823284665 035 $a(EXLCZ)992550000000707380 100 $a20120730d2013 uy 0 101 0 $aeng 135 $aur|n|---||||| 181 $ctxt 182 $cc 183 $acr 200 10$aHard to get$b[electronic resource] $etwenty-something women and the paradox of sexual freedom /$fLeslie C. Bell 210 $aBerkeley $cUniversity of California Press$dc2013 215 $a1 online resource (277 p.) 300 $aDescription based upon print version of record. 311 $a0-520-28374-0 311 $a0-520-26149-6 320 $aIncludes bibliographical references and index. 327 $tFrontmatter -- $tContents -- $tAcknowledgments -- $t1. The Paradox of Sexual Freedom -- $tPart I. The Sexual Woman -- $tPart II. The Relational Woman -- $tPart III. The Desiring Woman -- $tAppendix I. Splitting -- $tAppendix II. Clinical Interviewing -- $tAppendix III. Demographic Information about Respondents -- $tNotes -- $tReferences -- $tIndex 330 $aHard to Get is a powerful and intimate examination of the sex and love lives of the most liberated women in history-twenty-something American women who have had more opportunities, more positive role models, and more information than any previous generation. Drawing from her years of experience as a researcher and a psychotherapist, Leslie C. Bell takes us directly into the lives of young women who struggle to negotiate the complexities of sexual desire and pleasure, and to make sense of their historically unique but contradictory constellation of opportunities and challenges. In candid interviews, Bell's subjects reveal that, despite having more choices than ever, they face great uncertainty about desire, sexuality, and relationships. Ground-breaking and highly readable, Hard to Get offers fascinating insights into the many ways that sex, love, and satisfying relationships prove surprisingly elusive to these young women as they navigate the new emotional landscape of the 21st century. 606 $aYoung women$xSexual behavior 606 $aSexual freedom 606 $aMan-woman relationships 606 $aSexual ethics 606 $aWomen$xIdentity 610 $aamerican women. 610 $aanthropology. 610 $acandid interviews. 610 $acommitted relationship. 610 $adating. 610 $aengaging. 610 $afamily. 610 $afemale empowerment. 610 $afeminism. 610 $agender studies. 610 $agender. 610 $aintimacy. 610 $aliberated women. 610 $amen and women. 610 $apage turner. 610 $apersonal. 610 $apsychology. 610 $arealistic. 610 $arelationships. 610 $asatisfying relationships. 610 $asexual desire. 610 $asexual freedom. 610 $asexuality studies. 610 $asexuality. 610 $asocial science. 610 $asocial. 610 $asociology. 610 $astrong women. 610 $atwenty something. 610 $awomen. 610 $awomens issues. 610 $awomens studies. 610 $ayoung women. 615 0$aYoung women$xSexual behavior. 615 0$aSexual freedom. 615 0$aMan-woman relationships. 615 0$aSexual ethics. 615 0$aWomen$xIdentity. 676 $a176.4 700 $aBell$b Leslie C.$f1970-$01573239 801 0$bMiAaPQ 801 1$bMiAaPQ 801 2$bMiAaPQ 906 $aBOOK 912 $a9910779362503321 996 $aHard to get$93848884 997 $aUNINA LEADER 01364nam0 22002891i 450 001 UON00062110 005 20231205102312.9 100 $a20020107d1976 |0itac50 ba 101 $aeng 102 $aGB 105 $a||||b ||||| 200 1 $aˆThe ‰arts of Islam$e[An Exhibition organized by the Arts Council of Great Britain in association with the World of Islam Festival Trust]$eHayward Gallery 8 April-4 July 1976 210 $a[London]$cThe Arts Council of Great Britain$d1976 215 $a396 p.$cill.$d25 cm. 606 $aARTE ISLAMICA$3UONC002304$2FI 620 $aGB$dLondon$3UONL003044 686 $aARA IX L$cPAESI ARABI - ARTI - ESPOSIZIONI$2A 702 0$aWORLD of ISLAM FESTIVAL TRUST$3UONV040875 712 02$aArts Council of Great Britain$3UONV031271 712 $aArts Council of Great Britain$3UONV255893$4650 801 $aIT$bSOL$c20240220$gRICA 912 $aUON00062110 950 $aSIBA - SISTEMA BIBLIOTECARIO DI ATENEO$dSI ARA IX L 006 disperso $eSI SA 38722 7 006 disperso $sSmarrito 950 $aSIBA - SISTEMA BIBLIOTECARIO DI ATENEO$dSI MUSEO SCERRATO 137 $eSI 14940 7 137 966 $aARTE MUSULMANA$yARTE ISLAMICA$3UONC020702 996 $aArts of Islam$91173207 997 $aUNIOR LEADER 02210nam0 22004453i 450 001 VAN00274791 005 20240806101540.784 017 70$2N$a9783030678296 100 $a20240411d2021 |0itac50 ba 101 $aeng 102 $aCH 105 $a|||| ||||| 200 1 $aGeometric Invariant Theory, Holomorphic Vector Bundles and the Harder-Narasimhan Filtration$fAlfonso Zamora Saiz, Ronald A. Zúñiga-Rojas 210 $aCham$cSpringer$d2021 215 $axiii, 127 p.$cill.$d24 cm 410 1$1001VAN00102596$12001 $aSpringerBriefs in mathematics$1210 $aBerlin [etc.]$cSpringer$d2011- 606 $a14-XX$xAlgebraic geometry [MSC 2020]$3VANC019702$2MF 606 $a14D20$xAlgebraic moduli problems, moduli of vector bundles [MSC 2020]$3VANC028919$2MF 606 $a14H60$xVector bundles on curves and their moduli [MSC 2020]$3VANC033919$2MF 606 $a14J60$xVector bundles on surfaces and higher-dimensional varieties, and their moduli [MSC 2020]$3VANC021364$2MF 606 $a14L24$xGeometric invariant theory [MSC 2020]$3VANC023722$2MF 606 $a32Lxx$xHolomorphic fiber spaces [MSC 2020]$3VANC035154$2MF 610 $aAlgebraic Geometry$9KW:K 610 $aGeometric invariant theory$9KW:K 610 $aHarder-Narasimham filtration$9KW:K 610 $aHiggs bundles$9KW:K 610 $aModuli Spaces$9KW:K 610 $aVector bundles$9KW:K 620 $aCH$dCham$3VANL001889 700 1$aZamora Saiz$bAlfonso$3VANV203514$0845493 701 1$aZúñiga-Rojas$bRonald A.$3VANV227231$01733340 712 $aSpringer $3VANV108073$4650 801 $aIT$bSOL$c20250131$gRICA 856 4 $uhttps://doi.org/10.1007/978-3-030-67829-6$zE-book ? Accesso al full-text attraverso riconoscimento IP di Ateneo, proxy e/o Shibboleth 899 $aBIBLIOTECA DEL DIPARTIMENTO DI MATEMATICA E FISICA$1IT-CE0120$2VAN08 912 $fN 912 $aVAN00274791 950 $aBIBLIOTECA DEL DIPARTIMENTO DI MATEMATICA E FISICA$d08DLOAD e-book 8245 $e08eMF8245 20240430 996 $aGeometric Invariant Theory, Holomorphic Vector Bundles and the Harder-Narasimhan Filtration$94149058 997 $aUNICAMPANIA